|
|
|
|
| LEADER |
01204nam a2200289 a 4500 |
| 001 |
23082908 |
| 008 |
091119s1991 caua b 001 0 eng d |
| 020 |
|
|
|a 0026529548
|
| 020 |
|
|
|a 002652953X
|
| 040 |
|
|
|a IPC
|c IPC
|
| 082 |
0 |
0 |
|a 330
|2 20
|
| 100 |
1 |
|
|a Miller, Roger LeRoy.
|
| 245 |
1 |
0 |
|a Economics, today and tomorrow /
|c Roger LeRoy Miller.
|
| 250 |
|
|
|a 3rd ed.
|
| 260 |
|
|
|a Mission Hills, Calif :
|b Glencoe/McGraw-Hill,
|c 1991.
|
| 300 |
|
|
|a xiv, 594 p. :
|b col. ill. ;
|c 27 cm.
|
| 520 |
|
|
|a Applies traditional economic theory to contemporary problems such as unemployment, inflation, and conflicting economic systems.
|
| 541 |
1 |
|
|e 00010901
|
| 650 |
|
0 |
|a Economics
|x Juvenile literature.
|
| 650 |
|
0 |
|a Consumer protection
|x Juvenile literature.
|
| 650 |
|
1 |
|a Economics.
|
| 650 |
|
1 |
|a Consumer protection.
|
| 651 |
|
0 |
|a United States
|x Economic conditions
|y 1971-1981
|x Juvenile literature.
|
| 690 |
|
|
|a Economics
|x Textbooks
|x Secondary.
|
| 852 |
4 |
|
|a Ayesha Abed Library
|j General Shelf.
|
| 999 |
|
|
|c 5668
|d 5668
|
| 952 |
|
|
|0 0
|1 0
|2 ddc
|4 0
|6 330_MIL
|7 0
|9 5589
|a BRACUL
|b BRACUL
|c GEN
|d 2009-11-21
|g 0.00
|l 5
|m 4
|o 330 MIL
|p 3010010901
|r 2022-06-07
|s 2022-05-29
|t 1
|w 2009-11-21
|y BK
|x No price found in the accession register.
|